Cảm xạ học và đời sống

में बचाया:
ग्रंथसूची विवरण
मुख्य लेखक: Dư Quang Châu
स्वरूप: पुस्तक
भाषा:Undetermined
प्रकाशित: Tp. HCM Thanh Niên 2000
विषय:
टैग : टैग जोड़ें
कोई टैग नहीं, इस रिकॉर्ड को टैग करने वाले पहले व्यक्ति बनें!
Thư viện lưu trữ: Trung tâm Học liệu Trường Đại học Cần Thơ
LEADER 00551nam a2200193Ia 4500
001 CTU_36359
008 210402s9999 xx 000 0 und d
020 |b 62.000đ 
082 |a 133.323 
082 |b Ch125 
100 |a Dư Quang Châu 
245 0 |a Cảm xạ học và đời sống 
245 0 |c Dư Quang Châu, Trần văn Ba 
260 |a Tp. HCM 
260 |b Thanh Niên 
260 |c 2000 
650 |a alternative medicine,radiesthesia 
904 |i Minh, 000425 
980 |a Trung tâm Học liệu Trường Đại học Cần Thơ